000 00721nam a2200217Ii 4500
003 JO-AjNU
008 230605s9999||||xx |||||||||||||| ||und||
017 _a2007/4741
020 _a977-416-642-2
040 _aJO-AjNU
_bara
_erda
_cJO-AjNU
041 _aara
050 1 4 _aPJ7842.M8368 2007
100 3 _aالفارس، محمد,
_eauthor
_952805
245 0 0 _aوشم الغيم: رواية
264 3 1 _aالقاهرة: الهيئة المصرية العامة للكتاب، 2007
300 _a235ص
336 _atext
_btxt
_2rdacontent
337 _aunmediated
_bn
_2rdamedia
338 _avolume
_bnc
_2rdacarrier
650 4 _aالادب العربي - الراويات العربية - القرن 20
_952806
999 _aA23413
_c26981
_d26981